000 00498nam a2200193 a 4500
001 1754829520990
003 ACL
005 20250810181104.0
008 250810s1991##################000#0#eng##
020 _a9780521275255
082 0 4 _a959.01
_bHIG
100 1 _aHigham, Charles,
_eauthor.
245 1 0 _aThe Archaeology of Mainland Southeast Asia :
260 _bCambridge University Press,
_c1991.
300 _a408 pages
650 0 _aHistory.
942 _cENGLISH
040 _aACL
_beng
_cACL
999 _c579925
_d579925